000 00482 a2200169 4500
003 OSt
005 20231212090216.0
008 231210b |||||||| |||| 00| 0 eng d
040 _coclc
082 _a894.8128
_bKAR/M
100 _aKarve, Irawati
_910104
245 _aMahabharatha Padanangal /
_cIrawati Karve
250 _a4th ed.
260 _bMythri Books,
_aTrivandrum:
_c2021.
300 _a210p.
942 _2ddc
_cBK
_h894.8128
_iKAR/M
_k894.8128
_mKAR/M
999 _c44057
_d44057